000 01928nam a2200421 a 4500
001 000000515
003 OSt
005 20210831102148.0
008 081122s2008 dr ac 000 0 spa d
020 _a9789945140194
020 _a
040 _aDO-SdBNP
_bspa
_cBPMSU
082 _a972.93053
_bG861s 2008
_222
100 1 _aGrimaldi, Víctor,
_d1949-
245 1 0 _aSangre en el barrio del Jefe /
_cVíctor Grimaldi ; edición Cándido Gerón
250 _a3a. ed.
260 _aSanto Domingo :
_bArchivo General de la Nación,
_c2008.
300 _a352 p. :
_bil., retrs. ;
_c26 cm.
490 0 _aArchivo General de la Nación
500 _aIncluye datos biográficos del autor en las solapas
500 _aIncluye índice onomástico
500 _aDocumentos del Archivo General de la Nación
504 _aBibliografía : p. 339-344
505 0 _tPresentación --
_tDe la Maza y Bernardino --
_tTestimonios, entrevistas y documentos --
_tCorrespondencias del embajador Julio Vega Batle y Félix W. Bernardino en Cuba --
_tLa embajada dominicana en La Habana y la muerte de Pipí Hernández --
_tOtras entrevistas sobre Trujillo, su familia y los héroes del 30 de mayo de 1961 --
_tEpílogo --
_tApéndice --
_tBibliografía --
_tÍndice onomástico.
590 _aInventariado, 2020/VM
600 1 4 _aTrujillo Molina, Rafael Leónidas,
_d1891-1961
651 4 _aRepública Dominicana
_xHistoria
_xEra de Trujillo
_y1930-1961
651 4 _aRepública Dominicana
_xPolítica y gobierno
_y1930-1961
651 4 _aRepública Dominicana
_xRelaciones exteriores
_zCuba
651 4 _aCuba
_xRelaciones Exteriores
_zRepública Dominicana
700 1 _aGerón, Candido
_eed.
710 2 _aArchivo General de la Nación (República Dominicana)
810 z _aRepública Dominicana.
_bArchivo General de la Nación
810 z _aAGN
830 _aArchivo General de la Nación
910 _aVMateo
942 _2ddc
_cBK
999 _c13695
_d13695